| 000 | 00357nam a2200109Ia 4500 | ||
|---|---|---|---|
| 008 | 171211s9999 xx 000 0 und d | ||
| 245 | 4 | _aThe Gentlewoman's Remembrance : Patriarchy, Piety, and Singlehood in Early Stuart England | |
| 245 | _cIsaac Stephens | ||
| 260 | _c2016 | ||
| 650 | _xBiography | ||
| 856 | _uhttp://down.ebook777.com/062/9781784991432.pdf | ||
| 999 |
_c349902 _d349902 |
||